000 01197cam a22002895a 4500
001 L159139
002 20049
008 090929s2015 xxk f 000 0 eng d
020 _a9780415732390
035 _a(Sirsi) u159139
041 0 _aeng
050 0 4 _a658.404 $2 18
100 1 _aCartlidge, Duncan
245 0 0 _aConstruction project manager's pocket book
260 _aOxon
_bRoutledge
_bTaylor and Francis
_c2015
520 _aCovers all of the essentials of the role including pre-construction activities, design management and BIM, procurement, feasability studies, environmental management systems, people skills, recommended documents formats, occupancy activities. Reference is made to RIBA Plan of Work and Office of Government Commerce Gateway process throughout.
650 _aRIBA PLAN OF WORKS 2013
650 2 4 _aOFFICE OF GOVERNMENT COMMERCE GATEWAY
650 2 4 _aBIM
_96219
650 2 4 _aPRE-CONTRACT PROCEDURES
650 2 4 _aCONSTRUCTION PROJECTS
650 2 4 _aOCCUPANCY
651 4 _aENGLAND AND WALES
690 _aProject management
_96261
856 4 0 _uhttps://www.vlebooks.com/
_zView on VLEbooks. Logins for members only from [email protected]
942 _n0
999 _c115698
_d115698